000 01151nam a2200253 a 4500
001 72189
003 BD-RjUL
005 20211209082225.0
008 160302s2012 bg ||||| |||| 00| 0 ben d
020 _a9788934234
035 _a(BD-RjUL)72405
040 _aBD-RjUL
_bben/eng
_cBD-RjUL
_dBD-RjUL
041 _aben
082 _223
_bPAB 2012
_a509.54
100 1 _aপাল, নিশীথ কুমার
_9119712
245 1 0 _aভারতীয় উপমহাদেশের বিজ্ঞানী ও বিজ্ঞানচর্চা /
_bনিশীথ কুমার পাল
260 _aঢাকা :
_bআলেয়া বুক ডিপো,
_c২০১২
300 _a৪৩৮ পৃ. :
_c২২ সেমি.
650 _aবিজ্ঞান
_zভারতীয় উপমহাদেশ
_xইতিহাস
_9235765
650 _aScience
_zIndian Sub-Continent
_xHistory
_9235766
650 _aবিজ্ঞানী
_zভারতীয় উপমহাদেশ
_xসংগৃহীত জীবনী
_9235767
650 _aScientists
_zIndian Sub-Continent
_xCollected Biography
_9235768
942 _2ddc
_cBK
999 _c72189
_d72189